000
00332 a2200133 4500
001
66930
040
_c
Anchieta - Pituba
100
_a
Álvaro, Henrique e Renato
240
1
0
_a
2ª Avaliação de Química, 1º série
_l
por
245
1
0
_a
2ª Avaliação de Química, 1º série
362
0
_a
2018
650
4
_a
Química
942
_c
BK
999
_c
66930
_d
66930